| 000 | 00398nam a2200169 a 4500 | ||
|---|---|---|---|
| 001 | 1435 | ||
| 005 | 20180713181502.0 | ||
| 008 | 140415s1988 mx 000 0 spa d | ||
| 041 | _aspa | ||
| 082 |
_a808 _bDOM |
||
| 100 | 1 | _aDOMINGUEZ, LUIS ADOLFO | |
| 245 | 1 | 0 | _aREDACCION TRES |
| 250 | _a1a ed. | ||
| 260 |
_aMEXICO : _bED.DIANA, _c1988 |
||
| 300 | _a3 | ||
| 650 | 1 | 4 | _aREDACCION |
| 999 |
_c1435 _d1435 |
||